000 00545cam a2200205ua 4500
001 10732
005 20260515114644.0
008 190330n xxu |||gr||||Z||||||eng
020 _a1576077497
040 _cMAIN
082 _a371.33
100 _aAnn Kovalchick,
_eAuthor.
245 _aEducation and technology
_bencyclopedia volume II: J-Z
250 _bV.II.
260 _aCalifornia:
_bABC CLIO inc,
_c2004.
300 _a713p.
653 _aSchools & their activities special education
700 _aKara Dawson,
_eAuthor.
942 _cBK
999 _c9688
_d9688